| 000 | 00398nam a22001337a 4500 | ||
|---|---|---|---|
| 020 | _a9787544727761 | ||
| 082 | _a843.7 | ||
| 100 | _aStendhal | ||
| 245 |
_aRed and black : _ba new translation, backgrounds and sources, criticism (Chinese Edition) / _cStendhal |
||
| 260 |
_aChina : _bYilin Press, _c2012. |
||
| 300 |
_a481 p. ; _c23 cm. |
||
| 880 |
_6245-02\r _a红色和黑色 / |
||
| 942 |
_2ddc _cBK |
||
| 999 |
_c591758 _d591758 |
||